| 000 | 00480nam a2200193Ia 4500 | ||
|---|---|---|---|
| 005 | 20250425161158.0 | ||
| 008 | 250425s9999 xx 000 0 und d | ||
| 041 | _aeng | ||
| 082 | _a665.540285 | ||
| 100 | _aMARKS, JOHN A. | ||
| 245 | 0 | _aHANDBOOK OF PIPELINE ENGINEERING COMPUTATIONS | |
| 250 | _aS.E. | ||
| 260 |
_aEstados Unidos _bPENNWELL BOOKS _c1979 |
||
| 260 | _aOKLAHOMA CITY | ||
| 300 | _a347 | ||
| 650 | _aSISTEMA DE TUBERIAS | ||
| 942 | _c01 | ||
| 010 | _a14474 | ||
| 999 |
_c204001 _d204001 |
||